00510nam a2200181Ia 4500008004100000020001800041050001600059100003000075245002400105245010500129260001500234260001600249260000900265300001600274300002000290300001000310500000800320170918s9999 xx 000 0 und d a9780590129275 bS137li 1943 aSaint Exupery, Antoine de 4aThe little prince / cwritten and illustrated by Antoine de Saint Exupery ; translated from the French by Katherine Woods. aNew York : bScholastic, c1943 a111 pages : billustrations ; c17cm. a710